| 000 | 01174ngm a22004090a 4500 | ||
|---|---|---|---|
| 001 | PT53871 | ||
| 003 | AR-LpoUNG | ||
| 005 | 20210201232353.0 | ||
| 007 | co ||u|||uuuuu | ||
| 008 | 191001s2004||||bl |||||||||||||||||por d | ||
| 040 |
_aAR-LpoUNG _bspa _cAR-LpoUNG _eaacr |
||
| 041 | _apor | ||
| 044 | _abl | ||
| 082 | 0 | _a307.764 3met | |
| 100 | 1 |
_aQueiroz Ribeiro, Luiz Cesar de _eorg. |
|
| 245 | 1 | 0 |
_aMetrópoles : _bentre a coesão e a fragmentação, a cooperação e o conflito |
| 260 |
_aRio de Janeiro : _bFundação Perseu Abramo, _c2004. |
||
| 505 | 0 | _aAcompaña al impreso | |
| 650 | 4 | _aASPECTOS DEMOGRAFICOS | |
| 650 | 4 | _aASPECTOS ECONOMICOS | |
| 650 | 4 | _aBRASIL | |
| 650 | 4 | _aFACTORES CULTURALES | |
| 650 | 4 | _aMEDIO URBANO | |
| 650 | 4 | _aPLANIFICACION URBANA | |
| 650 | 4 | _aPOBLACION | |
| 650 | 4 | _aPOLITICA URBANA | |
| 650 | 4 | _aSOCIOLOGIA URBANA | |
| 650 | 4 | _aURBANISMO | |
| 650 | 4 | _aURBANIZACION | |
| 650 | 4 | _aZONAS URBANAS | |
| 651 | 4 | _aAmérica Latina | |
| 700 | 1 |
_aAzevedo, Sergio de _ecol. |
|
| 700 | 1 |
_aLago, Luciana Corrêa do _ecol. |
|
| 700 | 1 |
_aSantos Junior, Orlando Alves dos _ecol. |
|
| 905 | _a53871 | ||
| 942 | _cCDDVD | ||
| 999 |
_c53505 _d53505 |
||